Advances in computers (Record no. 76908)
| 000 -LEADER | |
|---|---|
| fixed length control field | 00573nam a2200193Ia 4500 |
| 003 - CONTROL NUMBER IDENTIFIER | |
| control field | LDD |
| 008 - FIXED-LENGTH DATA ELEMENTS--GENERAL INFORMATION | |
| fixed length control field | 181029s9999 xx 000 0 und d |
| 020 ## - INTERNATIONAL STANDARD BOOK NUMBER | |
| International Standard Book Number | 120121689 |
| Terms of availability | US |
| -- | 40.00 |
| 040 ## - CATALOGING SOURCE | |
| Transcribing agency | LDD |
| 100 ## - MAIN ENTRY--PERSONAL NAME | |
| Personal name | Tseng, Chau-Wen |
| 245 #0 - TITLE STATEMENT | |
| Title | Advances in computers |
| Remainder of title | computational biology and bioinformatics |
| Statement of responsibility, etc. | Chau-Wen Tseng |
| 260 ## - PUBLICATION, DISTRIBUTION, ETC. | |
| Place of publication, distribution, etc. | New York |
| Name of publisher, distributor, etc. | Oxford |
| Date of publication, distribution, etc. | 2006 |
| 300 ## - PHYSICAL DESCRIPTION | |
| Extent | vii, 315p. |
| 365 ## - TRADE PRICE | |
| Price amount | US |
| -- | 40.00 |
| 901 ## - LOCAL DATA ELEMENT A, LDA (RLIN) | |
| a | 3612 |
| b | 04-01-2007 |
| 902 ## - LOCAL DATA ELEMENT B, LDB (RLIN) | |
| a | IN3208 |
| b | 04-01-2007 |
| c | F |
| d | SB |
| e | 0 |
| 903 ## - LOCAL DATA ELEMENT C, LDC (RLIN) | |
| a | Discount-10 |
| b | Reqst by : Jagannathan, N |
| 942 ## - ADDED ENTRY ELEMENTS (KOHA) | |
| Source of classification or shelving scheme | Dewey Decimal Classification |
| Koha item type | Books |
| Withdrawn status | Lost status | Source of classification or shelving scheme | Materials specified (bound volume or other part) | Damaged status | Not for loan | Home library | Current library | Total Checkouts | Full call number | Barcode | Date last seen | Cost, replacement price | Price effective from | Koha item type |
|---|---|---|---|---|---|---|---|---|---|---|---|---|---|---|
| No | Dewey Decimal Classification | 68 | Library and Documentation Division | Library and Documentation Division | 510.78 Ad31 | 060236 | 11/01/2018 | 6300.00 | 11/01/2018 | Books |
